Statistics for Hells Kitchen Season 4 Contestants

Click here to take the quiz!

General Stats

  • This quiz has been taken 29 times
  • The average score is 12 of 15

Answer Stats

PlacementContestant Name% Correct
3rdCorey Earling
100%
4thJen Gavin
100%
Runner upLouis Petrozza
100%
6thMatt Sigel
95%
9thBen Caylor
91%
5thBobby Anderson
91%
WinnerChristina Machamer
91%
7thLouross Edralin
91%
13thJason Underwood
86%
15thDominic DiFrancesco
82%
11thVanessa Gunnell
73%
12thCraig Schneider
64%
8thRosann Fama
64%
14thSharon Stewart
55%
10thShayna Zadok
55%

Score Distribution

Percentile by Number Answered

Percent of People with Each Score

Your Score History

You have not taken this quiz